The dynamics of race relations: (Record no. 39646)

MARC details
000 -LEADER
fixed length control field 00825cam a2200241 4500
001 - CONTROL NUMBER
control field 1251975
005 - DATE AND TIME OF LATEST TRANSACTION
control field 19840924000000.0
008 - FIXED-LENGTH DATA ELEMENTS--GENERAL INFORMATION
fixed length control field 731017s1974 nyua b 001 0 eng
010 ## - LIBRARY OF CONGRESS CONTROL NUMBER
LC control number 73018184
020 ## - INTERNATIONAL STANDARD BOOK NUMBER
International Standard Book Number 0070347352
040 ## - CATALOGING SOURCE
Original cataloging agency DLC
Transcribing agency DLC
Modifying agency DLC
050 00 - LIBRARY OF CONGRESS CALL NUMBER
Classification number HT1521
Item number .K56 1974
100 1# - MAIN ENTRY--PERSONAL NAME
Personal name Kinloch, Graham Charles.
245 14 - TITLE STATEMENT
Title The dynamics of race relations:
Remainder of title a sociological analysis
Statement of responsibility, etc [by] Graham C. Kinloch.
260 ## - PUBLICATION, DISTRIBUTION, ETC. (IMPRINT)
Place of publication, distribution, etc New York,
Name of publisher, distributor, etc McGraw-Hill
Date of publication, distribution, etc [1974]
300 ## - PHYSICAL DESCRIPTION
Extent xi, 305 p.
Other physical details illus.
Dimensions 21 cm.
504 ## - BIBLIOGRAPHY, ETC. NOTE
Bibliography, etc Bibliography: p. 247-293.
650 #0 - SUBJECT ADDED ENTRY--TOPICAL TERM
Topical term or geographic name as entry element Race relations.
650 #0 - SUBJECT ADDED ENTRY--TOPICAL TERM
Topical term or geographic name as entry element Race problems
906 ## - LOCAL DATA ELEMENT F, LDF (RLIN)
a 7
b cbc
c orignew
d 1
e ocip
f 19
g y-gencatlg
942 ## - ADDED ENTRY ELEMENTS (KOHA)
Source of classification or shelving scheme Library of Congress Classification
Item type Book
Holdings
Withdrawn status Lost status Source of classification or shelving scheme Damaged status Not for loan Collection code Home library Current library Shelving location Date acquired Source of acquisition Total Checkouts Full call number Barcode Copy number Price effective from Koha item type
    Library of Congress Classification     Non-fiction Bishop Okullu Memorial Library (Limuru Campus) Bishop Okullu Memorial Library (Limuru Campus) General Circulation 02/11/2011 purchase   HT1521 .K56 1974 028974 1 02/11/2011 Book